00674nam a2200193 a 450000500170000000800410001702000140005805000230007210000210009524501650011626000500028130000300033152100090036165000300037065000220040070000240042294200170044699900170046320140310183517.0110104s19uu xx 00 eng d a046669374 aHD 62.5b.K96 2005 aKiyosaki, Robert aRich Dad's before you quit your job:bten real-life lessons every entrepreneur should know about building/ a multimillion-dollar business.cRobert T. Kiyosaki.  aNew York :bTime warner Business Book,c2005. a258 p. :bill. ;c23 cm.  aBSBA aNew business enterprises. aEntrepreneurship. awith Sharon Lechter cBK2lcckFOR c24316d24316